| 000 | 00637nam a2200181 a 4500 | ||
|---|---|---|---|
| 005 | 20140412111427.0 | ||
| 008 | 090225s19uu xx 00 eng d | ||
| 020 | _a0-8050-5911-3 | ||
| 050 |
_aTR(PS E _bHe42 1985 |
||
| 100 | _aBill, Matin Jr. | ||
| 245 |
_aHere are my hands / _cBill Martin Jr. |
||
| 260 |
_aNew York : _bHenry Holt, _c1985. |
||
| 300 | _aunp. | ||
| 520 | _aThe Owner of the human body celebrates it by pointing out various parts and mentioning their functions, from "hands for catching and throwing" to Skin that bundles me in". | ||
| 650 |
_aHuman body _xfiction |
||
| 650 | _aStories in rhyme | ||
| 999 |
_c106268 _d106268 |
||